000 00781nam a2200205 a 4500
001 BRCA_9118
005 20190320210527.0
008 051017s1734----it-#######---#000-0#lat-#
041 _alat
044 _ait
084 _aCO15
_b.C65 1734
245 1 0 _aCollegii salmanticensis FF. discalceatorum D. Mariae de Monte Carmeli Primitivae Observantiae, cursus theologiae moralis tomus quintus...
_cper R.P.F. Sebastianum a Sancto Joachim..
260 _aVenettis
_bApud Nciolaum Pezzana
_c1734
300 _a1 v. (t.5 y 6)
_c36 x 25 cm
500 _aSuperiorum permissu, ac Privilegio
500 _aEstad físico: presenta encuadernación en pergamino con cantos decorados y presencia del pez de plata
650 1 4 _aTeología
_ySiglo XVIII
_922234
902 _aCFM
942 _2lcc
_cB
999 _c8766
_d8766